000 01124pam a22003491i 4500
001 409196
003 OSt
005 20260428170044.0
008 800222s1980 nyu b 001 0 eng
010 _a 80012038
020 _a0810916355 :
_c$25.00
020 _a9780810916357
035 _a409196
040 _aDLC
_cFoundation University
050 1 0 _aN6490
_b.L93
082 0 0 _a709/.04
100 1 _aLynton, Norbert.
_915669
245 1 4 _aThe story of modern art /
_cby Norbert Lynton.
260 _aNew York :
_bH. N. Abrams,
_c1980.
264 _41980
300 _a 400 pages;
_3Books
_bSome col. ill.,
_c24 cm.
_fBooks
336 _atext
_btxt
_2rdacontent
337 _aunmediated
_bn
_2rdamedia
338 _avolume
_bnc
_2rdacarrier
_3Books
500 _aCataloging based on CIP information
500 _aIncludes index.
504 _aBibliography: p.
650 0 _aArt, Modern
_y20th century
_xHistory.
_915580
906 _a7
_bcbc
_corignew
_d1
_eocip
_f19
_gy-gencatlg
942 _2lcc
_cBK
_hN 6350
_i.1989 L96
_k(DAFA-FA)
999 _c5803
_d5803